000 00300nam a2200133Ia 4500
003 OSt
005 20230727054759.0
008 170524s9999 xx 000 0 und d
040 _cIIMT UNIVERSITY
100 _aDWIVEDI- DN
245 0 _aPRINCIPLES OF ECONOMICS
260 _bHIMALAYA
942 _2ddc
_c02
999 _c8032
_d8032